Monyet di abad manusia : sorotan Islam terhadap berbagai perilaku manusia
| Main Author: | |
|---|---|
| Format: | Book |
| Published: |
Kuala Lumpur :
Darulfikir ,
1987
|
MARC
| LEADER | 00000cam a2200000 7i4500 | ||
|---|---|---|---|
| 001 | 0000006052 | ||
| 005 | 20160905093000.0 | ||
| 008 | 021119s1987 | ||
| 090 | 0 | 0 | |a PJ7846 |b .A45 |
| 100 | 0 | |a محمود، مصطفى , |e author | |
| 245 | 1 | 0 | |a Monyet di abad manusia : |b sorotan Islam terhadap berbagai perilaku manusia |c Mushthafa Mahmud |f penerjemah, Anshori Umar Sitanggal |
| 260 | 2 | |a Kuala Lumpur : |b Darulfikir , |c 1987 | |
| 300 | |a 73 p. ; |c 21 cm. | ||
| 500 | |a Translation of: `Asr al-qurud | ||
| 999 | |a 1000041499 |b Book |c OPEN SHELF (30 DAYS) |e Gong Badak Campus | ||